Antarctica Multiple Choice-Geography and Topography - Statistics

General Stats
  • This quiz has been taken 4 times
  • The average score is 4 of 10
Answer Stats
Question Answer % Correct
For how long, has Antarctica has its ice 34 million years ago
75%
Which sea does Thwaites Glacier empty out into? Amundsen Sea
50%
The largest subglacial lake in Antarctica and in the world is______. Lake Vostok
50%
In 2002 which Antarctic ice shelf rapidly disintegrated Larsen B
50%
The biggest ice shelf in the world is Ross
50%
What mountain range separates the two ice sheets? Trans Antarctic mountain range
50%
The current that goes around Antarctica is called? Antarctic Circumpolar Current
25%
Which is the only part of Antarctica north of the antarctic circle is Antarctic peninsula
25%
The two main ice sheets in Antarctica are called? EAIS and WAIS
0%
The largest outlet glacier in the world and in Antarctica is? Lambert Glacier
0%
No matching quizzes found
Score Distribution
Percent of People with Each Score
Percentile by Number Answered
Your Score History
You have not taken this quiz